¿Qué hacer con nuestro cerebro? / (Record no. 195842)

MARC details
000 -LEADER
campo de control de longitud fija 01412nam a22003975 4500
001 - NÚMERO DE CONTROL
campo de control 195842
003 - IDENTIFICADOR DE NÚMERO DE CONTROL
campo de control SpMaBN
005 - FECHA Y HORA DE LA ÚLTIMA TRANSACCIÓN
campo de control 20250811095354.0
008 - DATOS DE LONGITUD FIJA--INFORMACIÓN GENERAL
campo de control de longitud fija 240721s2007 sp | |||| 000 spa
017 ## - NÚMERO DE COPYRIGHT O DE DEPÓSITO LEGAL
Número de copyright o de depósito legal M 45767-2007
Agencia que asigna Oficina Depósito Legal Madrid
020 ## - NÚMERO INTERNACIONAL ESTÁNDAR DEL LIBRO
Número Internacional Estándar del Libro 9788495897558
035 ## - NÚMERO DE CONTROL DEL SISTEMA
Número de control de sistema (OCoLC)433407783
035 ## - NÚMERO DE CONTROL DEL SISTEMA
Número de control de sistema a3314473
040 ## - FUENTE DE CATALOGACIÓN
Centro catalogador/agencia de origen SpMaBN
Lengua de catalogación spa
Centro/agencia transcriptor SpMaBN
Normas de descripción rdc
080 ## - NÚMERO DE LA CLASIFICACIÓN DECIMAL UNIVERSAL
Número de la Clasificación Decimal Universal 612.82
080 ## - NÚMERO DE LA CLASIFICACIÓN DECIMAL UNIVERSAL
Número de la Clasificación Decimal Universal 159.928.23
100 ## - ENTRADA PRINCIPAL--NOMBRE DE PERSONA
Nombre de persona Malabou, Catherine
Número de control del registro de autoridad o número normalizado XX4434534
9 (RLIN) 237588
245 10 - MENCIÓN DEL TÍTULO
Título ¿Qué hacer con nuestro cerebro? /
Mención de responsabilidad, etc. Catherine Malabou ; traducción de Enrique Ruiz Girela.
260 ## - PUBLICACIÓN, DISTRIBUCIÓN, ETC.
Lugar de publicación, distribución, etc. Madrid :
Nombre del editor, distribuidor, etc. Arena Libros,
Fecha de publicación, distribución, etc. [2007]
300 ## - DESCRIPCIÓN FÍSICA
Extensión 91 p. ;
Dimensiones 22 cm
336 ## - TIPO DE CONTENIDO
Fuente rdacontent
Término de tipo de contenido texto
337 ## - TIPO DE MEDIO
Fuente rdamedia
Nombre/término del tipo de medio sin mediación
338 ## - TIPO DE SOPORTE
Fuente rdacarrier
Nombre/término del tipo de soporte volumen
490 1# - MENCIÓN DE SERIE
Mención de serie Tiempo al tiempo ;
Designación de volumen o secuencia 12
594 ## - Nota al título y mención de responsabilidad
Nota al título y mención de responsabilidad Traducción de: Que faire de notre cerveau?
650 #4 - PUNTO DE ACCESO ADICIONAL DE MATERIA--TÉRMINO DE MATERIA
Término de materia o nombre geográfico como elemento de entrada Cerebro-
Subdivisión general Fisiología
Fuente del encabezamiento o término embne
9 (RLIN) 10904
650 #7 - PUNTO DE ACCESO ADICIONAL DE MATERIA--TÉRMINO DE MATERIA
Término de materia o nombre geográfico como elemento de entrada Adaptación (Psicología)
Fuente del encabezamiento o término embne
9 (RLIN) 9608
830 ## - PUNTO DE ACCESO ADICIONAL DE SERIE-TÍTULO UNIFORME
Título uniforme Tiempo al tiempo (Madrid) ;
Designación de volumen o secuencia 12
9 (RLIN) 237589
852 ## - LOCALIZACIÓN
Ubicación ES-MaACL
Ubicación en estantería Depósito J
Número de control de estantería N-8856
Donativo/Legado Donación: Editorial
Encuadernación Encuaderanción: rústica con solapas
itemnumber 204724
901 ## - NOMBRE PERSONAL DE POSESOR
a MON0802
942 ## - ELEMENTOS DE ENTRADA SECUNDARIOS (KOHA)
Fuente del sistema de clasificación o colocación Clasificación decimal universal
Tipo de ítem Koha Libro impreso
Suprimir en OPAC No
954 ## - CATALOGADORES
Estado de la copia Tatiana Alejandra de Castro Pérez
Holdings
Estatus retirado Estado de pérdida Fuente del sistema de clasificación o colocación Estado de daño No para préstamo Biblioteca de origen Biblioteca actual Ubicación en estantería Fecha de adquisición Fuente de adquisición Total de préstamos Signatura topográfica completa Código de barras Visto por última vez Precio de reemplazo Tipo de ítem Koha
    Clasificación decimal universal     Biblioteca del Ateneo de Madrid Biblioteca del Ateneo de Madrid Depósito J 10/03/2025 Donación   N-8856 101229606 10/03/2025 10/03/2025 Libro impreso